000 01324cam a2200385Mi 4500
001 73951
005 20230410123634.0
008 050602s2005 sp 000 0 spa d
035 _a(OCoLC)ocm60556465
040 _aPL#
_bspa
_cPL#
_dBNM
020 _a8470523651
020 _a9788470523656
029 0 _aPL#
_b8470523651
035 _a(OCoLC)60556465
050 1 4 _aKKT 3062
_bS237d 2005
100 1 _aSantos Díez, Ricardo.
245 1 0 _aDerecho urbanístico :
_bmanual para juristas y técnicos /
_cRicardo Santos Diez, Julio Castelao Rodríguez.
250 _a6a ed.
260 _aLas Rozas, Madrid :
_bConsultor de los Ayuntamientos y Juzgados,
_c2005.
300 _a1163 p. ;
_c25 cm.
504 _aBibliografía: p. 1097-1130.
653 _aDerecho urbanístico
_aTratados, manuales, etc.
650 7 _aDerecho urbanístico
_zEspaña.
_2embne
650 0 _aBuilding laws
_zSpain.
650 0 _aCity planning and redevelopment law
_zSpain.
650 0 _aLand use
_xLaw and legislation
_zSpain.
650 4 _aDerecho urbanístico
_zEspaña.
650 4 _aUrbanismo
_zEspaña.
650 4 _aDesarrollo urbano
_xLegislación
_zEspaña.
700 1 _aCastelao Rodríguez, Julio,
_eaut.
938 _aPuvill Libros
_bPUVL
_n8470523651
_c$164.76
942 _2lcc
_cbk
946 _accruz
994 _aC0
_bDRFGD
999 _c65362
_d65362